|
|
|
|
| LEADER |
01220cam a2200301 7i4500 |
| 001 |
0000065231 |
| 005 |
20220103090000.0 |
| 020 |
|
|
|a 9780429491757 (electronic book)
|
| 090 |
0 |
0 |
|a P99.63
|b .E46 2020
|
| 245 |
0 |
0 |
|a Emoticons, kaomoji, and emoji :
|b the transformation of communication in the digital age
|c edited by Elena Giannoulis and Lukas R. A. Wilde.
|
| 264 |
|
|
|a New York, NY:
|b Routledge,
|c 2020.
|
| 300 |
|
|
|a 1 online resource (xi, 250 pages):
|b illustrations, text file, PDF.
|
| 336 |
|
|
|a text
|2 rdacontent
|
| 337 |
|
|
|a computer
|2 rdamedia
|
| 338 |
|
|
|a online resource
|2 rdacarrier
|
| 490 |
0 |
|
|a Routledge research in language and communication
|
| 650 |
|
0 |
|a Emoticons
|
| 650 |
|
0 |
|a Emojis
|
| 650 |
|
0 |
|a Symbolism in communication
|
| 650 |
|
0 |
|a Interpersonal communication
|
| 650 |
|
0 |
|a Communication --
|x Technological innovations
|
| 655 |
|
0 |
|a Electronic books
|
| 700 |
1 |
|
|a Giannoulis, Elena
|
| 700 |
1 |
|
|a Wilde, Lukas R. A.
|
| 856 |
4 |
2 |
|u http://library.unisel.edu.my/web/guest/mylibrary
|
| 997 |
|
|
|a Communication, Visual Art & Computing, Faculty
|b Communication, Department
|
| 998 |
|
|
|a Communication (Corporate Communication), Degree
|
| 999 |
|
|
|a EBO0009840
|b EBOOK
|c EBOOK
|e Electronic resources
|